000
00264nam a2200109Ia 4500
008
230907s9999||||xx |||||||||||||| ||und||
082
_a
621.3121
_b
HEG
245
0
_a
Power plant engineering /
260
_a
Pearson,
_b
Noida :
_c
2018
300
_a
862 p.
942
_c
BK
999
_c
600349
_d
600349